<?xml version="1.0" encoding="UTF-8"?>
<collection xmlns="http://www.loc.gov/MARC21/slim">
    <record>
        <controlfield tag="001">44131</controlfield>
        <controlfield tag="005">20170831221122.0</controlfield>
        <datafield tag="037" ind1=" " ind2=" ">
            <subfield code="a">GDOC-2011-0614</subfield>
        </datafield>
        <datafield tag="041" ind1=" " ind2=" ">
            <subfield code="a">spa</subfield>
        </datafield>
        <datafield tag="100" ind1=" " ind2=" ">
            <subfield code="0">(orcid)0000-0002-2879-9200</subfield>
            <subfield code="a">Sancho Sanz, Javier</subfield>
        </datafield>
        <datafield tag="245" ind1="0" ind2="0">
            <subfield code="9">27113</subfield>
            <subfield code="a">Estructuras de macromoléculas</subfield>
        </datafield>
        <datafield tag="260" ind1=" " ind2=" ">
            <subfield code="a">Zaragoza</subfield>
            <subfield code="b">Universidad de Zaragoza</subfield>
            <subfield code="c">2011-2012</subfield>
        </datafield>
        <datafield tag="520" ind1=" " ind2=" ">
            <subfield code="a">La estructura de las macromoléculas biológicas determina sus funciones y por tanto comprenderla resulta esencial para entender la vida y poder actuar sobre los procesos biológicos con una aproximación racional. En particular, la estructura de las proteínas y ácidos nucleicos les permite interactuar con el resto de moléculas que nos componen.  Se explicará la composición de estas macromoléculas poliméricas y flexibles, y los principios termodinámicos y cinéticos que gobiernan su plegamiento tridimensional y  sus equilibrios de asociación, así como las técnicas utilizadas para determinar su estructura. El objetivo global es comprender cómo la composición química de las mismas determina su estructura y dinámica intrínseca y cómo estas determinan sus funciones (catalíticas, informativas, de defensa, de señalización, estructurales, regulatorias, etc). Algún día, esperamos que no muy lejano, la célula e incluso los organismos multicelulares se podrán describir en base a sus componentes moleculares y a las interacciones físico-químicas que establecen entre ellos. Mientras tanto, la comprensión estructural de las macromoléculas biológicas resulta clave para su modificación de cara a su utilización biotecnológica (en reactores enzimáticos, ensayos diagnósticos, biosensores, diseño y desarrollo de fármacos, ordenadores biológicos, etc) y para modular su comportamiento in vivo (inhibir proteínas de organismos patógenos, recuperar la función de proteínas humanas con mutaciones inconvenientes, bloquear actividades excesivas, etc).</subfield>
        </datafield>
        <datafield tag="521" ind1=" " ind2=" ">
            <subfield code="9">125</subfield>
            <subfield code="a">Graduado en Biotecnología</subfield>
        </datafield>
        <datafield tag="540" ind1=" " ind2=" ">
            <subfield code="a">by-nc-sa</subfield>
            <subfield code="b">Creative Commons</subfield>
            <subfield code="c">3.0</subfield>
            <subfield code="u">http://creativecommons.org/licenses/by-nc-sa/3.0/</subfield>
        </datafield>
        <datafield tag="700" ind1=" " ind2=" ">
            <subfield code="0">(orcid)0000-0001-9047-0046</subfield>
            <subfield code="a">Martínez Júlvez, Marta María</subfield>
        </datafield>
        <datafield tag="830" ind1=" " ind2=" ">
            <subfield code="9">446</subfield>
        </datafield>
        <datafield tag="856" ind1="4" ind2=" ">
            <subfield code="s">102707</subfield>
            <subfield code="u">http://zaguan.unizar.es/record/44131/files/guia.pdf</subfield>
            <subfield code="y">Guía (idioma español)</subfield>
        </datafield>
        <datafield tag="980" ind1=" " ind2=" ">
            <subfield code="a">GDOC</subfield>
            <subfield code="b">Ciencias</subfield>
            <subfield code="c">100</subfield>
        </datafield>
    </record>

    
</collection>